Catriona /

Guardado en:
Autor Principal: Stevenson, Robert Louis.
Otros Autores: Sánchez Bardón, Luis; trad., Rodríguez Rivero, Manuel; ap., Figueroa, Hugo; il.
Formato: Libro
Idioma:Undetermined
Publicado: Madrid : Hyspamérica : Anaya, 1983.
Edición:1a ed.
Series:Mis libros. Aventura
Materias:
Etiquetas: Agregar Etiqueta
Sin Etiquetas, Sea el primero en etiquetar este registro!
LEADER 00842nam a22002415a 4500
001 CEM.cems024766
008 250702s1983####sp############000#0#und#d
005 20250702190159.0
245 1 0 |a Catriona /  |c Robert Louis Stevenson ; traducción Luis Sánchez Bardón ; apéndice Manuel Rodríguez Rivero ; ilustración Hugo Figueroa. 
250 |a 1a ed. 
260 |a Madrid :  |b Hyspamérica :  |b Anaya,  |c 1983. 
300 |a 287 p. 
490 1 |a Mis libros. Aventura 
020 |a 8475251064 
100 1 |a Stevenson, Robert Louis. 
700 1 |a Sánchez Bardón, Luis; trad. 
700 1 |a Rodríguez Rivero, Manuel; ap. 
700 1 |a Figueroa, Hugo; il. 
653 |a Literatura escocesa 
653 |a Literatura juvenil 
653 |a Novela escocesa 
653 |a Novela de aventuras 
859 |a CEMS  |b BIB. CEMS - 11 de abril  |h 823.8  |i St48-14  |p 29992.25  |t Ej.1